header

Using equity audits in the classroom to reach and teach all students / (Record no. 265795)

MARC details
000 -LEADER
fixed length control field 05030cam a22004454a 4500
001 - CONTROL NUMBER
control field 16615448
003 - CONTROL NUMBER IDENTIFIER
control field OSt
005 - DATE AND TIME OF LATEST TRANSACTION
control field 20260129091122.0
008 - FIXED-LENGTH DATA ELEMENTS--GENERAL INFORMATION
fixed length control field 110119s2011 caua b 001 0 eng
010 ## - LIBRARY OF CONGRESS CONTROL NUMBER
LC control number 2010054608
020 ## - INTERNATIONAL STANDARD BOOK NUMBER
International Standard Book Number 9781412986779
Qualifying information pbk.
035 ## - SYSTEM CONTROL NUMBER
System control number 16615448
040 ## - CATALOGING SOURCE
Original cataloging agency DLC
Transcribing agency DLC
Modifying agency DLC
042 ## - AUTHENTICATION CODE
Authentication code pcc
043 ## - GEOGRAPHIC AREA CODE
Geographic area code n-us---
050 00 - LIBRARY OF CONGRESS CALL NUMBER
Classification number LB2822.82
Item number .M39 2011
082 00 - DEWEY DECIMAL CLASSIFICATION NUMBER
Classification number 379.2/60973
Edition number 22
084 ## - OTHER CLASSIFICATION NUMBER
Classification number EDU011000
Source of number bisacsh
100 1# - MAIN ENTRY--PERSONAL NAME
Personal name McKenzie, Kathryn Bell.
245 10 - TITLE STATEMENT
Title Using equity audits in the classroom to reach and teach all students /
Statement of responsibility, etc Kathryn Bell McKenzie, Linda Skrla; foreword by Christine Sleeter.
260 ## - PUBLICATION, DISTRIBUTION, ETC. (IMPRINT)
Place of publication, distribution, etc Thousand Oaks, Calif. :
Name of publisher, distributor, etc Corwin Press,
Date of publication, distribution, etc c2011.
300 ## - PHYSICAL DESCRIPTION
Extent xv, 108 p. :
Other physical details ill. ;
Dimensions 26 cm.
336 ## - CONTENT TYPE
Content type term text
Content type code txt
Source rdacontent
337 ## - MEDIA TYPE
Media type term unmediated
Media type code n
Source rdamedia
338 ## - CARRIER TYPE
Carrier type term volume
Carrier type code nc
Source rdacarrier
504 ## - BIBLIOGRAPHY, ETC. NOTE
Bibliography, etc Includes bibliographical references and index.
505 8# - FORMATTED CONTENTS NOTE
Formatted contents note Machine generated contents note: ForewordAcknowledgmentsAbout the Authors1. Introduction A Brief Overview of Our Work on Equity Audits Chapter 2-9 Preview Chapter ConclusionI. Conceptual and Historical Framework2. Qualities of Equity-Conscious Teachers Equity Consciousness Pre-Assessment Equity Consciousness Defined Research on Equity Consciousness Chapter Conclusion Discussion Questions and Activities3. Qualities of Equitable and Excellent Classrooms An Example of an Equitable and Excellent School: Tice Elementary Classroom Equity Assessment Research on Equitable and Excellent Classrooms Chapter Conclusion Discussion Questions and Activities4. Auditing for Equity and Excellence Equity Audits in International Settings Equity Audits in US Education Refining Equity Audits into a Usable Tool Chapter Conclusion Discussion Questions and ActivitiesII. Equity Auditing in the Classroom5. Auditing for Teaching and Learning Active Cognitive Engagement What Our Critics Might Say Zone of Self Efficacy An Auditing Tool: Teaching and Learning Tours Chapter Conclusion Discussion Questions and Activities6. Auditing for Discipline Research on Discipline Reasons for Discipline Disproportionality Auditing Classroom Disciplinary Practices Chapter Conclusion Discussion Questions and Activities7. Auditing for Parental Involvement What Research Says About Parental Involvement Classroom Parental Involvement Inventory Chapter Conclusion Discussion Questions and Activities8. Auditing for Programmatic Equity Advanced Placement Gifted and Talented Programs Special Education Chapter Conclusion Discussion Questions and Activities9. ConclusionIndex.
520 ## - SUMMARY, ETC.
Summary, etc "Raise your equity awareness quotient</em></strong>In this time of changing demographics and increased diversity, many teachers find that existing strategies to promote social justice are only successful with some of the students in their classes. This book provides teachers with new strategies and tools that will work for all children, including those with diverse needs. This book offers a wide range of methods to help teachers: Assess their competency in teaching all students Develop high-quality teaching skills and an equity consciousness that leads to success with all students Evaluate assess student achievement Create an environment that fosters self-reflection and change"-- Provided by publisher.
Summary, etc "This is the follow-up book to the Corwin "best seller" Using Equity Audits to Create Equitable and Excellent Schools. Whereas Using Equity Audits was written mainly for school leaders, this book, Equity Audits for Teachers: Creating Equitable and Excellent Classrooms, focuses on teacher and classroom practices. Although school leaders have found the Equity Audits book useful, they have requested more strategies for teachers. They want a companion book they can give teachers and use in teacher study groups. This book is important because in this time of changing demographics and increased diversity, many teachers find that the strategies they have used in the past are successful with only some of the students in their classes. They want and need strategies that will assist them in being successful with all their students. This book will provide teachers with new strategies and skills that will fit diverse needs. The book will also include a discussion of the history of equity auditing in education found in civil rights work, curriculum auditing, and state accountability systems"-- Provided by publisher.
650 #0 - SUBJECT ADDED ENTRY--TOPICAL TERM
Topical term or geographic name as entry element School improvement programs
Geographic subdivision United States.
Topical term or geographic name as entry element Educational equalization
Geographic subdivision United States
General subdivision Evaluation.
Topical term or geographic name as entry element Effective teaching
Geographic subdivision United States.
Topical term or geographic name as entry element Classroom environment
Geographic subdivision United States.
Topical term or geographic name as entry element EDUCATION / Evaluation
Source of heading or term bisacsh.
700 1# - ADDED ENTRY--PERSONAL NAME
Personal name Skrla, Linda,
Dates associated with a name 1957-
906 ## - LOCAL DATA ELEMENT F, LDF (RLIN)
a 7
b cbc
c orignew
d 1
e ecip
f 20
g y-gencatlg
942 ## - ADDED ENTRY ELEMENTS (KOHA)
Source of classification or shelving scheme Library of Congress Classification
Koha item type Long Loan Books
Holdings
Withdrawn status Lost status Source of classification or shelving scheme Damaged status Not for loan Collection code Home library Current library Shelving location Date acquired Source of acquisition Total Checkouts Full call number Barcode Date last seen Price effective from Koha item type
    Library of Congress Classification     Non-fiction Rongo University Library Rongo University Library General Stacks 29/01/2026 Books for Africa, Donation   LB2822.82 .M39 2011 20260593 29/01/2026 29/01/2026 Long Loan Books

© 2026 Rongo University
Contact us: librarian | system librarian | Rongo university